| 000 | 00439nam a2200145Ia 4500 | ||
|---|---|---|---|
| 005 | 20250318132206.0 | ||
| 008 | 240331s9999 xx 000 0 und d | ||
| 082 |
_bKAN _a894 |
||
| 100 | _aKandaswamy K. I | ||
| 245 | 0 | _aMahakavi bharathiyin kannan paddalkalum vilakka uraikalum | |
| 260 |
_aChennai _bManimegalai Pirasuraam _c2005 |
||
| 300 | _aXXX, 154 P ., | ||
| 500 | _aMahaKavi Bharathiyin Kannan Paadalkalum Vilakkaooraium | ||
| 942 | _cL | ||
| 999 |
_c4051 _d4051 |
||